000690731 001__ 690731 000690731 005__ 20231218153458.0 000690731 0247_ $$2HBZ$$aHT019329173 000690731 0247_ $$2Laufende Nummer$$a36087 000690731 020__ $$a978-3-86359-510-4 000690731 037__ $$aRWTH-2017-05323 000690731 041__ $$aGerman 000690731 082__ $$a620 000690731 1001_ $$0P:(DE-82)023429$$aHausberg, Carlo$$b0$$uRWTH 000690731 245__ $$aBestimmung der strukturbedingten Leistungsgrenzen der Produktionssteuerung$$cCarlo Benedikt Hausberg$$hprint 000690731 246_3 $$aAssessment of the structural performance limits of production control$$yEnglish 000690731 250__ $$a1. Auflage 000690731 260__ $$aAachen$$bApprimus Verlag$$c2017 000690731 300__ $$aXXI, 274 Seiten : Illustrationen, Diagramme 000690731 3367_ $$2DataCite$$aOutput Types/Dissertation 000690731 3367_ $$0PUB:(DE-HGF)3$$2PUB:(DE-HGF)$$aBook$$mbook 000690731 3367_ $$2ORCID$$aDISSERTATION 000690731 3367_ $$2BibTeX$$aPHDTHESIS 000690731 3367_ $$02$$2EndNote$$aThesis 000690731 3367_ $$0PUB:(DE-HGF)11$$2PUB:(DE-HGF)$$aDissertation / PhD Thesis$$bphd$$mphd 000690731 3367_ $$2DRIVER$$adoctoralThesis 000690731 4900_ $$aErgebnisse aus der Produktionstechnik$$v10/2017 000690731 502__ $$aDissertation, RWTH Aachen University, 2017$$bDissertation$$cRWTH Aachen University$$d2017$$gFak04$$o2017-03-01 000690731 5203_ $$aonline nicht verfügbar$$lger 000690731 520__ $$leng 000690731 588__ $$aDataset connected to Lobid/HBZ 000690731 591__ $$aGermany 000690731 7001_ $$0P:(DE-82)IDM00801$$aSchuh, Günther$$b1$$eThesis advisor$$urwth 000690731 7001_ $$0P:(DE-82)IDM00554$$aKampker, Achim$$b2$$eThesis advisor$$urwth 000690731 909CO $$ooai:publications.rwth-aachen.de:690731$$pVDB 000690731 9141_ $$y2017 000690731 9101_ $$0I:(DE-588b)36225-6$$6P:(DE-82)IDM00801$$aRWTH Aachen$$b1$$kRWTH 000690731 9101_ $$0I:(DE-588b)36225-6$$6P:(DE-82)IDM00554$$aRWTH Aachen$$b2$$kRWTH 000690731 9201_ $$0I:(DE-82)417210_20140620$$k417210$$lLehrstuhl für Produktionssystematik$$x0 000690731 9201_ $$0I:(DE-82)417200_20140620$$k417200$$lWerkzeugmaschinenlabor WZL der RWTH Aachen$$x1 000690731 961__ $$c2017-06-09T14:59:09.682135$$x2017-06-09T14:59:09.682135$$z2017-06-09T14:59:09.682135 000690731 980__ $$aphd 000690731 980__ $$aVDB 000690731 980__ $$abook 000690731 980__ $$aI:(DE-82)417210_20140620 000690731 980__ $$aUNRESTRICTED 000690731 980__ $$aI:(DE-82)417200_20140620